000 00660nam2a2200205 4500
001 RU\NLR\PER_A\011374880_000030
005 20250626113235.0
035 _a(NLR Aleph) 011700485
090 _a11386982
_c11386982
100 _a20180516d2018 |||y0rusy50 ca
101 0 _arus
102 _aRU
200 0 _a№ 3
210 _d2018
_aБ. м.
461 0 _1001RU\NLR\BIBL_A\011374880
_12001#$aГоризонт$eальманах поэзии$v№ 3
_911371843
_cМосква
_d2017 -
_nПолиграф сервис
_oальманах поэзии
_tГоризонт
_v№ 3
852 _aNLR
_jП34/2335
942 _cISSUE
980 _aNB
980 _aRUSPER